Quality in business: (Record no. 157372)

MARC details
000 -LEADER
fixed length control field 00437nam a22001697a 4500
005 - DATE AND TIME OF LATEST TRANSACTION
control field 20180911164126.0
010 ## - LCCN (DPL NO)
LC control number B-119634
020 ## - INTERNATIONAL STANDARD BOOK NUMBER
International Standard Book Number 8178292424
035 ## - SYSTEM CONTROL NUMBER
System control number B-119634
037 ## - SOURCE OF ACQUISITION
Source of stock number/acquisition B-119634
082 ## - DEWEY DECIMAL CLASSIFICATION NUMBER
Classification number 658.4013
100 ## - MAIN ENTRY--PERSONAL NAME
Personal name Sarkar, Debashis
245 ## - TITLE STATEMENT
Title Quality in business:
Remainder of title 76 mantras for managers
260 ## - PUBLICATION, DISTRIBUTION, ETC. (IMPRINT)
Place of publication, distribution, etc New Delhi
Name of publisher, distributor, etc B-119634
300 ## - PHYSICAL DESCRIPTION
Extent 180p.
Dimensions 21cm(pbk)
942 ## - ADDED ENTRY ELEMENTS (KOHA)
Source of classification or shelving scheme Dewey Decimal Classification
Item type English Books
Classification part 658.4013
Call number suffix SAR
Holdings
Withdrawn status Lost status Not for loan Collection code Home library Current library Date acquired Full call number Barcode Koha item type
      Non-fiction Sarojini Nagar Sarojini Nagar 11/09/2018 658.4013 SAR B-119634 English Books

© Delhi Public Library
Hit Counter
free hit counter